Statistics for Portland Trail Blazers NBA All-Stars

Click here to take the quiz!

General Stats

  • This quiz has been taken 112 times
    (90 since last reset)
  • The average score is 7 of 16

Answer Stats

Players Selections Last % Correct
Damian Lillard52020
97%
Clyde Drexler81994
96%
LaMarcus Aldridge42015
85%
Bill Walton21978
80%
Brandon Roy32010
74%
Terry Porter21993
59%
Rasheed Wallace22001
57%
Cliff Robinson11994
35%
Kevin Duckworth21991
28%
Maurice Lucas31979
24%
Geoff Petrie21974
22%
Steve Johnson11988
20%
Jim Paxson21984
15%
Sidney Wicks41975
14%
Lionel Hollins11978
12%
Kermit Washington11980
4%

Score Distribution

Percentile by Number Answered

Percent of People with Each Score

Your Score History

You have not taken this quiz since the last reset